Statistics for Katy Perry Songs (2008-2018)

Click here to take the quiz!

General Stats

  • This quiz has been taken 70 times
  • The average score is 32 of 62

Answer Stats

One Of the Boys (2008) % Correct
Roar
98%
Teenage Dream
91%
California Gurls
88%
Last Friday Night (feat. Missy Elliot)
86%
Last Friday Night (T.G.I.F)
86%
Dark Horse
86%
I Kissed a Girl
84%
E.T (feat. Kanye West)
84%
E.T
84%
Hot n Cold
80%
Swish Swish
80%
Firework
80%
The One That Got Away
79%
Unconditionally
73%
Wide Awake
73%
Part Of Me
73%
Waking Up in Vegas
68%
Witness
68%
Bon Appetit
66%
One of the Boys
66%
Chained to the Rhythm
64%
Birthday
63%
Rise
63%
Ur So Gay
59%
This is How We Do
59%
Thinking Of You
55%
Peacock
55%
Hey Hey Hey
50%
Hummingbird Heartbeat
50%
Circle the Drain
48%
Legendary Lovers
46%
Walking on Air
45%
International Smile
43%
Roulette
43%
By the Grace of God
43%
Not Like the Movies
41%
Ghost
39%
Double Rainbow
39%
Pearl
39%
Love Me
38%
Fingerprints
38%
Tsunami
38%
Dressin Up
34%
Pendulum
34%
Who Am I Living For
32%
Save as Draft
32%
Mannequin
32%
This Moment
30%
Deja vu
30%
Miss You More
29%
Power
29%
Self Inflicted
29%
Lost
29%
If You Can Afford Me
29%
It Takes Two
29%
Bigger Than Me
25%
Mind Maze
25%
Into Me You See
23%
Choose Your Battles
23%
I'm Still Breathing
21%
Spiritual
21%
The One That Got Away (Acoustic)
14%

Score Distribution

Percentile by Number Answered

Percent of People with Each Score

Your Score History

You have not taken this quiz